00639nam a2200205 i 4500001001100000003000500011005001700016008004100033040002500074082001500099100004000114245008300154264005800237300002300295336002100318337002500339338002300364500002000387650002600407C2-0243316PPAK20180727205025.0021020s1992 my |||| ||||| | may d aPPAKbengcPPAKerda04a370.152230 aMohyani bt. Razikin, cDr. eauthor10aPengurusan hal-ehwal pelajar luar negeri : bkes Los Angeles, Amerika Syarikat 1aSelangor : bKementerian Pendidikan Malaysia , c1992 a14 pages ; c30 cm 2rdacontentatext 2rdamediaaunmediated 2rdacarrieravolume aKertas Kerja 3410aStudents - Psychology